Húsz éve halt meg Szent-Györgyi Albert Az első magyar Nobel-díjas

Elmentve itt :
Bibliográfiai részletek
Dokumentumtípus: Cikk
Megjelent: 2006-10-21
Sorozat:Délmagyarország 96 No. 248
Kulcsszavak:Szent-Györgyi Albert
Online Access:http://dmarchiv.bibl.u-szeged.hu/126892
LEADER 00455nab a2200145 i 4500
001 delm126892
005 20191209083633.0
008 191209s2006 hu o 0|| hun d
040 |a SZTE Délmagyarország Archívum  |b hun 
041 |a hun 
245 0 0 |a Húsz éve halt meg Szent-Györgyi Albert   |h [elektronikus dokumentum] :  |b Az első magyar Nobel-díjas 
260 |c 2006-10-21 
300 |a 1, 8 
490 0 |a Délmagyarország  |v 96 No. 248 
695 |a Szent-Györgyi Albert